00800nam a2200205Ia 4500001000700000003000500007008004100012010001100053040000900064082001400073100003200087245012900119260007500248300000600323440000500329500004400334503000500378650003400383650017700417Z_1133CHAP220113s1987 xx 000 0 und d a164214 cCHAP a636.4 R35 aRamírez Necoechea, Ramiro aIndicadores relevantes para la producción porcina /cpor Ramiro Ramírez Necoechea y María de Lourdes Alonso Spilsbury aMéxico :bUNAM. Facultad de Medicina Veterinaria y Zootecnia,c1987 av a aLa biblioteca tiene: v.1 Reproducción a aGanado porcinoxProducción  aGanado porcinoxReproducción I. Alonso Spilsbury, María de Lourdes II. Universidad Nacional Autónoma de México. Facultad de Medicina Veterianria y Zootecnia III. t.